000
00319nam a2200133Ia 4500
005
20251222144822.0
008
251222s9999||||xx |||||||||||||| ||spa||
082
_a
070.5/T79
100
_a
Trenti Rocamora, José Luís
245
0
_a
Qué hacer con mi Libro
250
_a
9a.ed.
264
_b
AiresDunken
942
_c
LIB
999
_c
20504
_d
20504